Nanotechnology in undergraduate education (Record no. 9727)
[ view plain ]
| 000 -LEADER | |
|---|---|
| fixed length control field | 00625 a2200181 4500 |
| 000 - LEADER | |
| fixed length control field | BKB |
| 001 - CONTROL NUMBER | |
| control field | 136523 |
| 005 - DATE AND TIME OF LATEST TRANSACTION | |
| control field | 20200902153044.0 |
| 008 - FIXED-LENGTH DATA ELEMENTS--GENERAL INFORMATION | |
| fixed length control field | |
| 082 ## - DEWEY DECIMAL CLASSIFICATION NUMBER | |
| Classification number | 620.50711 |
| Item number | P11N |
| 100 1# - MAIN ENTRY--PERSONAL NAME | |
| Personal name | Nanotechnology in undergraduate education |
| 245 1# - TITLE STATEMENT | |
| Title | Nanotechnology in undergraduate education |
| Statement of responsibility, etc | edited by Kimberly A.O. Pacheco...[et.al.] |
| 260 ## - PUBLICATION, DISTRIBUTION, ETC. (IMPRINT) | |
| Place of publication, distribution, etc | Washington DC |
| Name of publisher, distributor, etc | Oxford university press |
| Date of publication, distribution, etc | 2009 |
| 300 ## - PHYSICAL DESCRIPTION | |
| Extent | 206p. |
| 690 ## - LOCAL SUBJECT ADDED ENTRY--TOPICAL TERM (OCLC, RLIN) | |
| Topical term or geographic name as entry element | Chemistry-Study and teaching (Graduate); Nanotechnology |
| 700 ## - ADDED ENTRY--PERSONAL NAME | |
| Personal name | Pacheco, Kimberly A.O. ed. |
| Numeration | |
| Titles and other words associated with a name | |
| 700 ## - ADDED ENTRY--PERSONAL NAME | |
| Personal name | Schwenz, Richard W. ed. |
| Numeration | |
| Titles and other words associated with a name | |
| Withdrawn status | Lost status | Damaged status | Not for loan | Home library | Current library | Date acquired | Cost, normal purchase price | Total Checkouts | Full call number | Barcode | Date last seen | Date checked out | Price effective from | Koha item type |
|---|---|---|---|---|---|---|---|---|---|---|---|---|---|---|
| Central University Of Rajasthan | Central University Of Rajasthan | 16/01/2013 | 0.00 | 1 | 620.50711 P11N | 11718 | 21/11/2024 | 05/05/2023 | 02/09/2020 | Books |
